000
00339nam a22001457a 4500
008
221020b ||||| |||| 00| 0 eng d
020
_a
9780323188197
041
_a
eng
080
_2
6TH EDITION
_a
610.73
082
_a
610.73 NIE
100
_a
8
101
_a
INF
245
_a
COMMUNITY PUBLIC HEALTH NURSING
_c
NIES M
942
_2
udc
_c
BK
999
_c
58622
_d
58622